=LDR 00000nam 2200000 4500 =001 INLIS000000000025087 =005 20130612123625 =008 ***********************************Ind** =035 ##$$0010-061300000025087 =041 ##$$a Ind =082 ##$$a 160 =090 ##$$a 160, Rap p =100 ##$$a Rapar, Jan Hendrik =245 ##$$a Pengantar logika, asas-asas penalaran sistematis, Jan Hendrik Rapar =260 ##$$a 1996 $b Yogyakarta =300 ##$$a 96 hlm, 21 cm =650 ##$$a Psikologi =850 ##$$a NBPNMAT